00624nam a2200181Ia 450000500170000000800410001702000180005808200210007610000160009724500580011326000340017130000080020544000090021365000410022294200070026399900190027095201530028920241107152630.0240126s9999 xx 000 0 und d a9788173862960 a294.54 PRA;1 R aPrashad, H. 0aScientific integration of queries on inner human life bBook For AllaNew Delhic2013 a212 aNULL aScientific,integration,queries,inner cPU c276600d276600 r2024-01-26 00:00:00l0o294.54 PRA;1 RpPU4110W0h(05/07/1905)w2024-01-26yPU1040708CL00aMLbMLcCLd2015-10-16EDONATEDGRSF1V0URupees